000 00326nam a22001337a 4500
008 160523b xxu||||| |||| 00| 0 eng d
020 _a9781416029847
020 _a9781416029847
020 _a14116029842
041 _aeng
080 _a615
245 _aPharmacology:
_cGeorge M. Brenner; Craig W. Stevens;
942 _2udc
_cBK
999 _c2403
_d2403